|
|
|
|
| LEADER |
00907nab a2200241 i 4500 |
| 001 |
misc62687 |
| 005 |
20241016084020.0 |
| 008 |
220420s1918 hu o 000 hun d |
| 040 |
|
|
|a SZTE Miscellanea Repozitórium
|b hun
|
| 041 |
|
|
|a hun
|
| 100 |
1 |
|
|a Hóman Bálint
|
| 245 |
1 |
0 |
|a Róheim Géza
|h [elektronikus dokumentum] :
|b A kazár nagyfejedelem és a turulmonda. Budapest, 1917. 45 lap : [könyvismertetés] /
|c Hóman Bálint
|
| 260 |
|
|
|a Athenaeum
|b Budapest
|c 1918
|
| 300 |
|
|
|a 288-291
|c 24 cm
|
| 490 |
0 |
|
|a Századok
|
| 561 |
|
|
|a Németh Gyula hagyaték
|
| 591 |
|
|
|a NOA 2344
|
| 650 |
|
4 |
|a Bölcsészettudományok
|
| 650 |
|
4 |
|a Történettudomány és régészet
|
| 650 |
|
4 |
|a Nyelvek és irodalom
|
| 695 |
|
|
|a Hősmonda - könyvismertetés, Történelmi monda - könyvismertetés
|
| 700 |
0 |
1 |
|a Róheim Géza
|
| 856 |
4 |
0 |
|u http://misc.bibl.u-szeged.hu/62687/1/2344_noa.pdf
|z Dokumentum-elérés
|